000 02165cam a2200409 i 4500
999 _c41660
_d41660
001 17911850
003 OSt
005 20221031150249.0
008 131021s2014 nju b 001 0 eng
010 _a 2013040316
020 _a9788126562947
020 _a9781118539712 (hardback : acidfree paper)
040 _aDLC
_beng
_cDLC
_erda
_dDLC
042 _apcc
050 0 0 _aQA276.12
_b.M645 2014
082 0 0 _a519.5
_223
_bMON/A
084 _aTEC009060
_2bisacsh
100 _aMontgomery, Douglas C
_eauthor.
_95451
245 1 0 _aApplied statistics and probability for engineers /
_cDouglas C. Montgomery, Arizona State University, George C. Runger, Arizona State University.
250 _aSixth edition.
264 1 _aHoboken, NJ :
_bJohn Wiley and Sons, Inc.,
_c[2014]
300 _axvii, 811 pages :
_billustrations ;
_c26 cm
336 _atext
_2rdacontent
337 _aunmediated
_2rdamedia
338 _avolume
_2rdacarrier
504 _aIncludes bibliographical references and index.
520 _a"This best-selling engineering statistics text provides a practical approach that is more oriented to engineering and the chemical and physical sciences than many similar texts. It is packed with unique problem sets that reflect realistic situations engineers will encounter in their working lives. This text shows how statistics, the science of data is just as important for engineers as the mechanical, electrical, and materials sciences"--
_cProvided by publisher.
650 0 _aStatistics.
650 0 _aProbabilities.
650 7 _aTECHNOLOGY & ENGINEERING / Industrial Engineering.
_2bisacsh
700 1 _aRunger, George C.,
_eauthor.
776 0 8 _iOnline version:
_aMontgomery, Douglas C., author.
_tApplied statistics and probability for engineers
_bSixth edition.
_dHoboken, NJ : John Wiley and Sons, Inc., [2014]
_z9781118802267
_w(DLC) 2013041947
856 4 2 _3Cover image
_uhttp://catalogimages.wiley.com/images/db/jimages/9781118539712.jpg
906 _a7
_bcbc
_corignew
_d1
_eecip
_f20
_gy-gencatlg
942 _2ddc
_cBK
_h519.5
_iMON/A
_k519.5
_mMON/A